000
00327pam a2200157a 44500
008
230515b1984 xxu||||| |||| 00| 0 eng d
020
_a
NULL
041
_a
ENGLISH
082
_a
630
100
_a
7369-1983
245
_a
WHEELS AND CASTORS
250
_a
0
260
_a
DELHI
_b
ISI
_c
1984
300
_a
23
650
_a
NULL
999
_c
651936
_d
651936